000
00208 a2200097 4500
001
3948
100
_a
Johnson, C.L
245
_a
Analog computer techniques
260
_a
_b
Mcgrawhill
_c
090
_c
3178
_d
3178
942
_a
NUST-CAE
_c
M
_c
24202
999
_c
239021
_d
239021